MAASAI MARA UNIVERSITY

LIBRARY CATALOGUE

Contact Us: +254 020 2685356/7 or 0774 057787

Box: 861-20500, NAROK, KENYA

Email: info@mmarau.ac.ke

Dewey decimal classification and relative index (volume 1-4) / (Record no. 16406)

MARC details
000 -LEADER
fixed length control field 01796nam a22004337a 4500
003 - CONTROL NUMBER IDENTIFIER
control field OSt
005 - DATE AND TIME OF LATEST TRANSACTION
control field 20210730111646.0
008 - FIXED-LENGTH DATA ELEMENTS--GENERAL INFORMATION
fixed length control field 160205b xxu||||| |||| 00| 0 eng d
010 ## - LIBRARY OF CONGRESS CONTROL NUMBER
LC control number 2011001112
020 ## - INTERNATIONAL STANDARD BOOK NUMBER
International Standard Book Number 1910608815 (set : alk. paper)
020 ## - INTERNATIONAL STANDARD BOOK NUMBER
International Standard Book Number 9781910608807 (vol. 1 : alk. paper)
020 ## - INTERNATIONAL STANDARD BOOK NUMBER
International Standard Book Number 1910608807 (vol. 1 : alk. paper)
020 ## - INTERNATIONAL STANDARD BOOK NUMBER
International Standard Book Number 9781910608760 (vol. 2 : alk. paper)
020 ## - INTERNATIONAL STANDARD BOOK NUMBER
International Standard Book Number 1910608769 (vol. 2 : alk. paper)
020 ## - INTERNATIONAL STANDARD BOOK NUMBER
International Standard Book Number 9781910608791 (vol. 3 : alk. paper)
020 ## - INTERNATIONAL STANDARD BOOK NUMBER
International Standard Book Number 1910608793 (vol. 3 : alk. paper)
020 ## - INTERNATIONAL STANDARD BOOK NUMBER
International Standard Book Number 9781910608784 (vol. 4 : alk. paper)
020 ## - INTERNATIONAL STANDARD BOOK NUMBER
International Standard Book Number 1910608785 (vol. 4 : alk. paper)
040 ## - CATALOGING SOURCE
Original cataloging agency MMU
Transcribing agency MMU
Modifying agency MMU
Language of cataloging eng
042 ## - AUTHENTICATION CODE
Authentication code pcc
050 00 - LIBRARY OF CONGRESS CALL NUMBER
Classification number Z696
Item number .D52 2011
082 00 - DEWEY DECIMAL CLASSIFICATION NUMBER
Classification number 025.4/31
Edition number 22
100 1# - MAIN ENTRY--PERSONAL NAME
Personal name Dewey, Melvil,
Dates associated with a name 1851-1931.
245 10 - TITLE STATEMENT
Title Dewey decimal classification and relative index (volume 1-4) /
Statement of responsibility, etc. devised by Melvil Dewey.
250 ## - EDITION STATEMENT
Edition statement Ed. 23 /
Remainder of edition statement edited by Joan S. Mitchell, Editor in Chief ; Julianne Beall, Assistant Editor ; Rebecca Green, Assistant Editor ; Giles Martin, Assistant Editor ; Michael Panzer, Assistant Editor.
260 ## - PUBLICATION, DISTRIBUTION, ETC. (IMPRINT)
Place of publication, distribution, etc. Dublin, Ohio :
Name of publisher, distributor, etc. OCLC Online Computer Library Center, Inc.,
Date of publication, distribution, etc. 2011.
300 ## - PHYSICAL DESCRIPTION
Extent 4 v. ;
Dimensions 25 cm.
504 ## - BIBLIOGRAPHY, ETC. NOTE
Bibliography, etc Includes bibliographical references and index.
505 0# - FORMATTED CONTENTS NOTE
Formatted contents note v. 1. Manual. Tables -- v. 2. Schedules 000-599 -- v. 3. Schedules 600-999 -- v. 4. Relative index.
650 #0 - SUBJECT ADDED ENTRY--TOPICAL TERM
Topical term or geographic name as entry element Classification, Dewey decimal.
700 1# - ADDED ENTRY--PERSONAL NAME
Personal name Mitchell, Joan S.
700 1# - ADDED ENTRY--PERSONAL NAME
Personal name Beall, Julianne,
Dates associated with a name 1946-
700 1# - ADDED ENTRY--PERSONAL NAME
Personal name Green, Rebecca,
Dates associated with a name 1952-
700 1# - ADDED ENTRY--PERSONAL NAME
Personal name Martin, Giles.
700 1# - ADDED ENTRY--PERSONAL NAME
Personal name Panzer, Michael,
Dates associated with a name 1974-
906 ## - LOCAL DATA ELEMENT F, LDF (RLIN)
a 7
b cbc
c orignew
d 1
e ecip
f 20
g y-gencatlg
942 ## - ADDED ENTRY ELEMENTS (KOHA)
Source of classification or shelving scheme Library of Congress Classification
Koha item type R
Edition 23rd ed.
Holdings
Withdrawn status Lost status Source of classification or shelving scheme Damaged status Not for loan Home library Current library Date acquired Source of acquisition Total Checkouts Full call number Barcode Date last seen Price effective from Koha item type
    Library of Congress Classification     Maasai Mara University Library -Main Campus Maasai Mara University Library -Main Campus 02/05/2016 Purchased   Z696 .D52 2011 20117283 02/05/2016 02/05/2016 R
    Library of Congress Classification     Maasai Mara University Library -Main Campus Maasai Mara University Library -Main Campus 02/05/2016 Purchased   Z696 .D52 2011 20117365 02/05/2016 02/05/2016 R
    Library of Congress Classification     Maasai Mara University Library -Main Campus Maasai Mara University Library -Main Campus 02/05/2016 Purchased   Z696 .D52 2011 20117281 02/05/2016 02/05/2016 R
    Library of Congress Classification     Maasai Mara University Library -Main Campus Maasai Mara University Library -Main Campus 02/05/2016 Purchased   Z696 .D52 2011 20117282 02/05/2016 02/05/2016 R
© 2016 Maasai Mara University.